A svetlo bolo ako vo dne v Prešove na konci vojny

Bibliographic Details
Main Author: Petraško, Ľudovít, 1949- (Author)
Format: Book
Language:Slovak
PhysicalDescription:99 s. faks., fotogr. 21 cm
Published: Prešov Vydavateľstvo Prešovskej univerzity Prešovská univerzita 2016
ISBN:9788055515755
Edition:1. vyd.
Subjects:

MARC

LEADER 00000cam a2200000 a 4500
001 vtls011559198
003 SK-MaSNL
005 20260301041059.0
008 240318s2016 xo ho g n 000 0 slo
015 |a SNBA2016/07 
020 |a 9788055515755  |q (brož.) 
035 |a 68CD968E-BCAB-4467-8875-BDE848E23D73 
035 |a urn:nbn:sk:snk-amlp1l 
035 |a urn:nbn:sk:snk-am00bwhr 
040 |a SNK  |b slo  |c SNK  |e AACR2 
041 0 |a slo 
043 |a e-xo--- 
044 |a xo  |c SK 
072 7 |a 93/94  |x Dejiny (všeobecne)  |2 konspekt 
080 |a 93/94-027.541  |2 2011 
080 |a 94(100)"1939/1945"  |2 2011 
080 |a 355.469.2  |2 2011 
080 |a 94(437.6)  |2 2011 
080 |a (0:82-94)  |2 2011 
100 1 |a Petraško, Ľudovít,  |d 1949-  |4 aut  |9 89986 
245 1 0 |a A svetlo bolo ako vo dne  |b v Prešove na konci vojny  |c Ľudovít Petraško 
246 3 0 |a V Prešove na konci vojny 
250 |a 1. vyd. 
260 |a Prešov  |b Vydavateľstvo Prešovskej univerzity  |b Prešovská univerzita  |c 2016 
300 |a 99 s.  |b faks., fotogr.  |c 21 cm 
366 |e 200 výt. 
504 |a Bibliogr.: s. 98 
648 7 |a 20.12.1944  |2 SNKPH  |9 342261 
650 0 7 |a regionálne dejiny  |2 SNKPH  |9 63645 
650 0 7 |a Regional history  |2 SNKPHeng  |9 266493 
650 0 7 |a druhá svetová vojna (1939-1945)  |2 SNKPH  |9 169657 
650 0 7 |a World War (1939-1945)  |2 SNKPHeng  |9 284172 
650 0 7 |a bombardovanie  |2 SNKPH  |9 29763 
650 0 7 |a Bombardment  |2 SNKPHeng  |9 325641 
651 7 |a Prešov (Slovensko)  |2 SNKPH  |9 17347 
651 7 |a Prešov (Slovakia)  |x history  |2 SNKPHeng  |9 135537 
655 7 |a spomienky  |2 SNKPH  |9 29509 
655 7 |a Reminiscences  |2 SNKPHeng  |9 93477 
919 |a 978-80-555-1575-5 
958 |a NB 
999 |c 587549  |d 589479 
952 |a SNK  |b SNK  |y PREZ  |7 0  |p 17A1197954  |o snkSC 170250  |i snk2016/15196  |8 0  |0 0  |1 0  |4 0  |d 2016-06-10  |f 1  |l 0  |r 2025-09-08 00:00:00  |w 2026-02-23 
952 |a SNK  |b SNK  |y VYP  |7 0  |p 17A1197955  |o snkSC 170250 D1  |i snk2016/15197  |8 0  |0 0  |1 0  |4 0  |d 2016-06-10  |l 0  |r 2026-02-23 15:14:01  |w 2026-02-23